000 00587nam a22002297a 4500
003 UA-OsUOA
001 62797
007 ta
008 20090911b un ||||| |||| 00| 0 ukr d
100 _aРайгородецкий Е.
090 _a821.161.1
_bР18
942 _cBK
040 _aUA-OsUOA
_brus
_cUA-OsUOA
_dUA-OsUOA
245 _aОгненные берега Роси
300 _a190 с.
955 _a3
041 _arus
080 _a821.161.1
260 _aК.
_c1984
650 7 _a82 Література. Літературознавство
_2UDC
999 _c348879
_d348879